| 000 | 00000nam##2200000za#4500 |
| 001 | 9.625464 |
| 003 | CaOODSP |
| 005 | 20200706134925 |
| 007 | ta |
| 008 | 150406|2001||||xxc||||| f|0| 0 fre|d |
| 020 | |a0-660-96418-X |
| 022 | |a1200-5231 |
| 040 | |aCaOODSP|bfre |
| 043 | |an-cn--- |
| 086 | 1 |aCS11-0019/155F |
| 245 | 00|aDurée d'occupation des emplois, mobilité des travailleurs et marché du travail des jeunes dans les années 1990 / |cpar G. Picot, A. Heisz et A. Nakamura. |
| 260 | |aOttawa - Ontario : |bStatistique Canada. |c2001. |
| 300 | |a43p. : |bgraphiques, références, tableaux ; |c28 cm. |
| 490 | 1 |aDocuments de recherche|x1200-5231|vN° 155 |
| 563 | |aCouverture souple |
| 590 | |a01-17|b2001-04-27 |
| 710 | 2 |aStatistique Canada. |bDirection des études analytiques. |
| 720 | 1 |aPicot, G. |
| 720 | 1 |aHeisz, A. |
| 720 | 1 |aNakamura, A. |
| 776 | 0#|tDurée d'occupation des emplois, mobilité des travailleurs et marché du travail des jeunes dans les années 1990 / |w(CaOODSP)9.590727 |
| 830 | #0|aDocuments de recherche,|x1200-5231|vN° 155|w(CaOODSP)9.512877 |